000 00694nam a22002177a 4500
008 240706b mp ||||| |||| 00| 0 mon d
035 _a7721
040 _aBH0164090
_bmon
_cMN-UlNLM
_dMN-UlNLM
_erda
041 _amon
042 _a94825
084 _2NNA
_a84-44/Ко/
_bМ-263
100 _aМаркес Г.
245 0 _aЗуун жилийн ганцаардал
264 _aУлаанбаатар
_bМон судар
_c2009
300 _a311х.
336 _2rdacontent
_atext
_btxt
337 _2rdamedia
_aunmediated
_bn
338 _2rdacarrier
_avolume
_bnc
650 _aроман роман Гарчиг: Зуун жилийн ганцаардал
942 _2NNA
_cBK
999 _c1106714
_d1106771